000 00397nam a2200109Ia 4500
008 171204s9999 xx 000 0 und d
245 _aCISSP (ISC)2 Certified Information Systems Security Professional Official Study Guide:
245 _cJames M. Stewart and Mike Chapple
260 _c2015
650 _xFUNDAMENTALS OF INFORMATION SECURITY
856 _uhttp://down.ebook777.com/040/1119042712.pdf
999 _c347165
_d347165